Исследование памяти

Detaylı Bibliyografya
Diğer Yazarlar: Корж Н. Н. (редактор)
Dil:Rusça
Baskı/Yayın Bilgisi: Москва, Наука, 1990
Konular:
Materyal Türü: Kitap
KOHA link:https://koha.lib.tpu.ru/cgi-bin/koha/opac-detail.pl?biblionumber=20592

MARC

LEADER 00000nam0a2200000 4500
001 20592
005 20231030192138.0
010 |a 5020133248 
035 |a (RuTPU)RU\TPU\book\20778 
035 |a BOOK00005467 
090 |a 20592 
100 |a 20011209d1990 km y0rusy50 ca 
101 0 |a rus 
102 |a RU 
105 |a y z 000zy 
200 1 |a Исследование памяти  |f Под ред. Н. Н. Коржа 
210 |a Москва  |c Наука  |d 1990 
215 |a 216 с. 
610 1 |a психология 
610 1 |a память 
610 1 |a запоминание 
686 |a Ю935.12  |v LBC/SL-A  |2 rubbk 
702 1 |a Корж  |b Н. Н.  |4 340 
801 0 |a RU  |b 63413507  |c 20011209  |g PSBO 
801 2 |a RU  |b 63413507  |c 20220404  |g PSBO 
942 |c BK